[Event "Tashkent FIDE GP 2nd"]
[Site "Tashkent"]
[Date "2012.11.23"]
[Round "2"]
[White "Morozevich, Alexander"]
[Black "Caruana, Fabiano"]
[Result "1-0"]
[WhiteElo "2748"]
[BlackElo "2786"]
[Annotator "Postny,E"]
[PlyCount "101"]
[EventDate "2012.11.22"]
[EventType "tourn"]
[EventRounds "11"]
[EventCountry "UZB"]
[EventCategory "20"]
[SourceTitle "CBM 152"]
[Source "ChessBase"]
[SourceDate "2013.01.15"]
[SourceVersion "1"]
[SourceVersionDate "2013.01.15"]
[SourceQuality "1"]

1. e4 e5 2. Nf3 Nc6 3. Bb5 Nf6 4. d3 {The most common "anti-Berlin" approach.}
Bc5 5. Bxc6 dxc6 {This position may also arise after: 1.e4 e5 2.Nf3 Nc6 3.Bb5
a6 4.Ba4 Nf6 5.Bxc6 dxc6 6.d3 Bc5. The only difference is the extra move a7-a6
which is not significant. In this line White can can only lay claim to a
slight superiority, at best.} 6. h3 (6. Nxe5 $4 {falls into a primitive trap.}
Qd4 $19 {[%csl Re5,Rf2]}) 6... Be6 (6... Bd6 7. Be3 c5 {This plan is reliable
for Black.} 8. Nbd2 Nd7 {The knight is going to e6 to control the important d4
and f4 spots.} 9. Nc4 O-O 10. O-O Re8 11. Nfd2 Nf8 {[%cal Gf8e6]} 12. Nxd6 cxd6
13. f4 exf4 14. Bxf4 Ng6 15. Bg3 Be6 16. Kh2 d5 $11 {1/2-1/2 (21) Hamdouchi,H 
(2600)-Bacrot,E (2720) Belfort 2010}) 7. Qe2 $146 (7. Ng5 Qd6 8. Nd2 O-O-O 9.
Nb3 Bb6 10. Qe2 Nd7 11. Nxe6 Qxe6 12. a4 a6 13. a5 Ba7 14. Be3 Kb8 15. O-O $14
{1-0 (67) Inarkiev,E (2676)-Efimenko,Z (2682) Poikovsky 2009}) (7. Bg5 Qd6 8.
Nbd2 Nd7 9. O-O f6 10. Be3 O-O-O 11. Qe2 g5 12. Nh2 h5 $132 {1/2-1/2 (18)
Areshchenko,A (2650)-Khenkin,I (2609) Dagomys 2008}) 7... Nd7 8. Be3 {White
doesn't mind swapping pieces. His position is risk-free, in the long run he
may benefit from the superior structure.} Qe7 9. Bxc5 Qxc5 10. Nc3 Qd6 11.
O-O-O {[%cal Gd3d4] Now we see the point of delaying the kingside castling,
Morozevich made it to the other side!} c5 12. Nh4 $5 (12. Nd2 O-O-O 13. Nc4
Bxc4 14. dxc4 Qe6 $11) 12... O-O-O {Caruana decided to ignore the idea Nh4-f5.}
(12... g6 13. Qe3 O-O-O 14. g3 Nb8 $11 {[%cal Gb8c6,Gc6d4]}) 13. Nf5 Bxf5 14.
exf5 Nf6 15. Rhe1 Rhe8 16. Qf3 Qd4 17. g4 h6 18. a3 a6 $6 {Looks like a useful
move, but it was the last opportunity to exchange queens on f4. This way Black
could also solve the problem of his Pe5.} (18... Qf4+ 19. Qxf4 exf4 {I don't
see a problem here for Black.} 20. Ne2 (20. Kd2 g5 21. fxg6 fxg6 $11) 20... h5
21. g5 Nd5 22. Ng1 (22. c4 f3 23. Ng1 Nf4 $132) 22... Ne7 23. Re5 Nc6 $1 24.
Rxc5 Nd4 $44) 19. Re3 $14 {Now it's unpleasant for Black. White has a plan of
doubling or tripling his major pieces on the e-file to press on the Pe5.} Re7
20. Kb1 Nd5 21. Nxd5 Qxd5 22. Qxd5 (22. f6 $6 Qxf3 23. Rxf3 gxf6 24. Rxf6 Rd6 {
would make Black's defensive task easier.}) 22... Rxd5 23. Rde1 f6 24. f4 Kd7
25. c3 b5 26. Kc2 Kd6 27. b3 (27. b4 Kc6 28. bxc5 Kxc5 29. d4+ Kd6 30. Re4 c5
31. dxe5+ fxe5 32. h4 (32. a4 c4 33. axb5 axb5 {doesn't change much.}) 32... c4
33. g5 hxg5 34. hxg5 Re8 35. R1e2 Re7 36. f6 gxf6 37. gxf6 Rf7 38. fxe5+ Ke6 {
The blockade is safe, Black can hold.}) 27... Re8 {Black is tied to defending
the Pe5 and can only wait and see what White can come up with.} ({It was
possible to play} 27... a5 {with an idea to exchange as many pawns as possible.
}) 28. Re4 Re7 29. b4 Re8 30. c4 bxc4 31. dxc4 Rd4 32. fxe5+ fxe5 (32... Rxe5
$4 33. Rxd4+ cxd4 34. Rxe5 Kxe5 (34... fxe5 35. Kd3 $18 {White will create
passed pawns on both flanks.}) 35. Kd3 $18 {Black will be in zugzwang very
soon.}) 33. bxc5+ Kxc5 34. Rxe5+ Rxe5 35. Rxe5+ Kxc4 36. Re7 c5 37. Rxg7 Rd3
38. h4 (38. Rg6 Rxh3 39. Rxa6 h5 (39... Rh2+ 40. Kd1 Rg2 $2 41. f6 Rf2 42. Ke1
Rf3 43. Ke2 {No place for the black rook on the f-file.} Rf4 44. Ra4+ $18 {
[%cal Ga4f4]}) 40. g5 Rg3 41. g6 Kd5 42. Kd2 c4 43. f6 (43. Re6 c3+ 44. Kc2 h4
45. Re1 h3 46. Rf1 h2 47. Rh1 Ke5 48. Rxh2 Kxf5 $11) 43... c3+ 44. Ke2 (44. Kc2
Rxg6 $11) 44... c2 45. Kd2 Rxg6 46. Kxc2 h4 $11) 38... Rf3 39. Kd2 Kd4 40. Ke2
Rxa3 $4 {Too greedy. This pawn is of little significance, while it was
important to keep the rook on the f-file.} (40... Rf4 $1 {Here White's pawns
can't run so easily. Black seems to hold as his pieces are active and the
c-pawn is also dangerous.} 41. h5 (41. Rg6 c4 42. h5 {is just a transposition.}
) 41... c4 42. Rg6 c3 43. Rxh6 Rxg4 44. Rd6+ Kc4 45. f6 Rg2+ 46. Kd1 Rh2 47.
Rd8 Rh1+ 48. Ke2 Rh2+ 49. Ke3 Rh3+ 50. Kf4 Rh1 51. Kg5 Rg1+ 52. Kh6 Rf1 53. Kg7
Rg1+ 54. Kf8 Rh1 55. f7 Rxh5 56. Ke7 Rh7 57. Ke6 Rxf7 58. Kxf7 Kb3 $11) 41. f6
$18 {Now White's pawns are simply unstoppable.} Ra2+ 42. Kf3 Ra1 43. Kg2 Ra2+
44. Kg3 Ra1 45. g5 hxg5 46. hxg5 Rf1 47. Rc7 a5 (47... c4 48. f7 c3 49. g6 Kd3
50. g7 Rg1+ 51. Kf2 Rxg7 52. f8=Q Rxc7 53. Qd6+ $18) 48. f7 a4 49. g6 a3 50.
Ra7 Rf6 51. g7 1-0

[Event "EU-chT (Men) 18th"]
[Site "Porto Carras"]
[Date "2011.11.06"]
[Round "4.4"]
[White "Jones, Gawain C B"]
[Black "Postny, Evgeny"]
[Result "0-1"]
[WhiteElo "2635"]
[BlackElo "2640"]
[Annotator "Postny,E"]
[PlyCount "72"]
[EventDate "2011.11.03"]
[EventType "team-swiss"]
[EventRounds "9"]
[EventCountry "GRE"]
[SourceTitle "CBM 146"]
[Source "ChessBase"]
[SourceDate "2012.01.18"]
[SourceVersion "1"]
[SourceVersionDate "2012.01.18"]
[SourceQuality "1"]
[WhiteTeam "England"]
[BlackTeam "Israel"]
[WhiteTeamCountry "ENG"]
[BlackTeamCountry "ISR"]

1. e4 e5 2. Nf3 Nc6 3. Bb5 Nf6 {Offering the "Berlin wall", but with his next
move my opponent avoids it.} 4. Qe2 Bc5 5. c3 O-O 6. d3 Re8 7. Ba4 $6 {I can
hardly understand the point of this move. Now I can save on the move ...a7-a6.
True, it is of little significance in this position, but still, why to move
the bishop when it's not attacked yet? Short castling or 7.Bg5 are the main
lines. 7.h3 is also an option if White wants to play it flexibly. The move in
the text was successfully employed twice against Vladimir Kramnik, but both
times in "light-weight" games.} Bf8 (7... d5 8. h3 h6 9. g4 Nh7 10. Nbd2 Bd7
11. Bb3 Be6 12. exd5 Bxd5 13. Ne4 Bf8 $6 (13... Be7 {fighting against g4-g5.})
14. g5 Bxb3 15. axb3 Qd5 16. Rg1 h5 17. g6 fxg6 18. Rxg6 $36 {1-0 Gashimov,V 
(2746)-Kramnik,V (2785)/Monte Carlo 2011/CB12_2011 (39)}) 8. h3 ({The blitz
encounter went as follows:} 8. Bg5 h6 9. Bh4 d5 $6 (9... d6 $11) 10. Nbd2 Bg4
$2 11. h3 Bh5 12. g4 Bg6 13. Bxf6 Qxf6 14. exd5 $18 {1-0 Adams,M (2729)
-Kramnik,V (2785)/Moscow 2007/EXT 2008 (69)}) 8... d6 9. Nbd2 Bd7 {Now the
idea of ...Nc6-d4 is in the air, so White should retreat with the bishop.} 10.
Bc2 ({After} 10. Bb3 Na5 11. Bc2 c5 {we could get a kind of classical Ruy
Lopez position where White plays d2-d3 instead of d2-d4.}) 10... Nh5 $6 {
I liked this move during the game, but now I am not so fond of it anymore.} (
10... g6 11. Nf1 Bg7 12. Ne3 Qc8 13. O-O Nd8 14. Rd1 Ne6 15. g3 c5 $11 {
[%cal Gd7c6]}) 11. g3 {This is what I wanted to provoke. Now White's castling
to the kingside becomes problematic for him. However, I can't really benefit
from that. Meanwhile, White has enough useful manoeuvres before he decides
where he wants to hide the king.} g6 12. Nf1 Bg7 13. Ne3 Kh8 $6 {At this
moment I wasn't sure yet what I was going to play next. So, I decided to make
a sort of a useful move, keeping then option of the ...f7-f5 advance. In fact,
this may only ruin my position.} ({It would have been wise just to retreat
with the knight:} 13... Nf6 $11) 14. Bb3 {[%csl Rf7]} Rf8 15. Nd5 Na5 (15... f5
$2 {is very risky and the following spectacular lines confirm it.} 16. Bg5 Nf6
(16... Qc8 17. exf5 Bxf5 (17... gxf5 18. O-O-O Be6 19. Nxe5 Nxg3 20. Ng6+ $1
hxg6 21. fxg3 $16 {[%csl Rh8]}) 18. g4 e4 19. dxe4 Bxe4 20. Qxe4 Re8 21. Ne7
Nf6 22. Nxc8 Nxe4 23. Nxd6 Nxg5+ 24. Kf1 Nxf3 25. Nf7+ Kg8 26. Ng5+ Kh8 27.
Nxf3 $16) 17. h4 fxe4 18. dxe4 Bg4 19. h5 $1 gxh5 (19... Bxh5 $2 {[%tqu "En",
"What would you suggest for White?","","","f3h4","",10]} 20. Nh4 $1 Bxe2 21.
Nxg6+ Kg8 22. Nxf6# {A picturesque mate.}) 20. Ne3 Bxf3 21. Qxf3 Nxe4 22. Qxe4
Qxg5 23. Bc2 $16) 16. g4 $6 {I wouldn't criticise this move too much,
nevertheless, I must admit that I would never give up such a bishop. I am sure
that most players who have experience in these kind of Ruy Lopez positions
would agree with me.} (16. Bc2 c6 17. Ne3 {[%csl Ra5][%cal Gb2b4]} b6 18. Bd2
Nb7 19. O-O-O {Black's recent manouevres weren't impressive, meanwhile White
has completed the development and has some prospects on the kingside.}) 16...
Nxb3 17. axb3 Nf6 ({There is no reason to give up a pawn by:} 17... c6 $6 18.
gxh5 cxd5 19. exd5 $14) 18. Bg5 c6 19. Ne3 Qc8 {I wanted to prevent the
advance h3-h4 and move the queen out of the pin as well.} ({The engine plays
it cool:} 19... a5 $5 20. h4 b5 21. h5 Kg8 {simply ignoring all White's
attempts on the kingside.}) 20. Bxf6 Bxf6 21. g5 Bg7 22. h4 f5 $6 {I thought
that this is practically forced, in fact quite risky.} (22... Be6 23. h5 Kg8
24. b4 d5 $132 {The king is well protected, now I don't see how White can
create anything serious along the h-file.}) 23. h5 fxe4 24. Nd2 $6 (24. dxe4 $1
gxh5 (24... Bg4 {I was calculating this before playing 22...f5, but
underestimated the idea 26.Rh4!} 25. hxg6 Rxf3 (25... Bxf3 $4 26. Rxh7+ Kg8 27.
Qc4+ d5 28. Nxd5 {mating.}) 26. Rh4 $1 (26. Rxh7+ Kg8 27. Rh4 (27. Nf5 Bxf5 28.
Rxg7+ Kxg7 29. Qxf3 Bxg6 30. Qf6+ Kh7 31. O-O-O Qh3 $8 32. Rxd6 Rg8 $11) 27...
Rxe3 28. Qxe3 Be6 $13) 26... Rh3 (26... Rxe3 27. Qxe3 Be6 28. Rxa7 $14) 27.
Rxh3 (27. Rxg4 hxg6 28. O-O-O Qe6 29. Rgg1 $14) 27... Bxh3 28. Qh5 Kg8 29.
Qxh7+ Kf8 30. O-O-O Qd7 31. Rd3 $1 Bg4 32. Nf5 $1 d5 33. Nxg7 Qxg7 34. Rg3 Qxh7
(34... Be2 $2 35. Kd2 {[%csl Re2]}) 35. gxh7 Kg7 36. Rxg4 Kxh7 $14) 25. Rxh5 (
25. Nh4 Be8 26. Nhf5 Qe6 $13) 25... Bg4 26. Nxg4 Qxg4 27. Nd2 Qg1+ 28. Qf1
Qxf1+ 29. Nxf1 $14) 24... exd3 25. Qxd3 Bf5 $6 (25... gxh5 $1 {was more
precise.} 26. Rxh5 Bf5 27. Nxf5 Qxf5 28. Qxf5 Rxf5 $15) 26. Qxd6 $2 (26. Nxf5
e4 $1 (26... Qxf5 $2 27. Qxf5 Rxf5 28. Ne4 d5 29. Nd6 {proves once again that
knight is a tricky piece!}) 27. Nxd6 exd3 28. Nxc8 Raxc8 29. hxg6 Rce8+ 30. Kd1
a6 31. Rxh7+ Kg8 $44) 26... gxh5 27. Rxh5 Qe8 $1 28. Rh2 Bg6 $17 {Now my king
is safe and the pair of bishops is so much better here than the knights.} 29.
O-O-O {This must come sooner or later, but the white monarch isn't safe on
queen's flank either.} Rd8 30. Qb4 b5 31. Qc5 {Not the best place for the
queen, but it is hard to suggest an improvement.} Rf4 $6 (31... Rf7 $1 {
was as simple as strong. Apart from the healthy positional idea of doubling
the rooks along the d-file, there is also a nasty threat 32...Bf8 trapping
white's queen.}) 32. Ng2 $1 {I overlooked this.} Qf7 $2 {This was too much.
Somehow, I overlooked that I can't deliver mate along the diagonal h7-b1 so
easily.} (32... Rf7 {was again strong.} 33. Nh4 {I was annoyed by this idea,
but could deal with it.} Bd3 34. g6 (34. f3 Rfd7 $17) 34... Rfd7 $17) 33. Nxf4
Qxf4 34. Rhh1 $8 Bf8 ({There is no mate:} 34... Qf5 $4 35. Ne4 Rxd1+ 36. Rxd1
$18 {[%cal Gd1d8]}) 35. Qxc6 {White is clearly back into the game.} (35. Qe3 $4
{[%tqu "En","How should Black proceed?","","","d8d3","",10]} Rd3 $1 36. Qxf4 {
[%tqu "En","And now?","","","d3c3","",5]} Rxc3+ $1 37. bxc3 Ba3#) 35... Rd6 (
35... Rxd2 $1 36. Rxd2 Be4 37. Rxh7+ Kxh7 $1 (37... Bxh7 38. Kd1 Qxg5 39. Qe8
$11) 38. Qxb5 Qxg5 39. Qd7+ Kh8 40. Qe8 Kg7 $15) 36. Qa8 $4 {A blunder which
decided the fate of the match on the spot.} (36. Qc8 Kg8 37. Rh6 Qxf2 38. Rxg6+
hxg6 39. Qe8 Qe2 40. b4 $13) 36... Ra6 {[%cal Ra6a1] Mate is inevitable.} 0-1

[Event "Moscow Aeroflot op-A"]
[Site "Moscow"]
[Date "2006.02.15"]
[Round "8"]
[White "Akopian, Vladimir Eduardovic"]
[Black "Georgiev, Kiril"]
[Result "0-1"]
[WhiteElo "2704"]
[BlackElo "2645"]
[Annotator "Postny,E"]
[PlyCount "76"]
[EventDate "2006.02.08"]
[EventType "swiss"]
[EventRounds "9"]
[EventCountry "RUS"]
[SourceTitle "CBM 112"]
[Source "ChessBase"]
[SourceDate "2006.06.07"]
[SourceVersion "1"]
[SourceVersionDate "2006.06.07"]
[SourceQuality "1"]

1. e4 e5 2. Nf3 Nc6 3. Bb5 Nf6 4. d3 {This way white avoids the main lines of
Berlin defense.} Bc5 5. c3 O-O 6. O-O d6 7. Bg5 h6 8. Bh4 g5 9. Nxg5 $6 {
Although, this sacrifice already appeared in practice, Akopian's decision to
sacrifice the knight was obviously an improvisation. Both players had 5 out of
7 at the moment, and Armenian GM decided to go for all or nothing, but this
effort didn't pay off. Objectively speaking white does not have enough grounds
to claim a strong attack, while for such a solid player as Kiril Georgiev to
make some precise defensive moves is not a hard task.} (9. Bg3 Bg4 10. h3 Bh5
11. Bxc6 bxc6 12. Nbd2 Qd7 13. Qc2 $14 {1-0 Iordachescu,V (2550)-Ricci,M (2154)
/Saint Vincent 2003/CBM 092 ext (30)}) 9... hxg5 10. Bxg5 Kg7 11. Bxc6 $6 {
This decision is wrong. The white light-squared bishop might be a useful
attacking piece.} (11. d4 Bb6 12. Bxc6 bxc6 13. dxe5 dxe5 14. Qf3 Qd6 15. Rd1
Qe6 $19) (11. Qf3 $1 {This was the only chance to justify the piece sacrifice.}
Be6 (11... Kg6 $6 12. Bh4 {[%csl Rg6]}) (11... Qe7 12. Nd2 Rh8 (12... Qe6 $2
13. Bc4 {This is what white's light-squared bishop needed for!}) (12... Nd8 $2
{[%cal Gd8e6]} 13. d4 exd4 14. cxd4 Bxd4 15. Qg3 Kh8 16. Nf3 Qxe4 17. Nxd4 Qxd4
18. Rad1 Qxb2 19. Qh4+ Nh7 20. Bd3 f5 21. Bxd8 $18) 13. Nc4 Kg6 (13... Qe6 14.
b4 Nh7 15. bxc5 Nxg5 16. Qg3 Qg6 17. cxd6 cxd6 18. f4 exf4 19. Rxf4 $40 {
[%cal Ga1f1]}) 14. h4 Be6 15. Ne3 {[%cal Ge3d5,Ge3f5] It's very hard to
estimate this position, but it looks like white has good compensation in this
case.}) 12. Nd2 (12. Qg3 $2 Nh5 13. Qh4 f6 $19) 12... Nb8 {[%cal Gc7c6,Gb8d7]
This manoeuvre under these or some other circumstances was probably the source
of worry for Akopian, but white is fine here.} 13. d4 exd4 14. e5 dxe5 15.
Bxf6+ Qxf6 16. Qxf6+ Kxf6 17. Ne4+ Kg7 18. Nxc5 $14) 11... bxc6 12. d4 Bb6 13.
a4 (13. f4 Qd7 $2 (13... exd4 $142 14. cxd4 (14. e5 dxe5 15. fxe5 dxc3+ 16. Kh1
Qxd1 17. Bxf6+ Kg6 18. Rxd1 cxb2 $19) 14... Qe8) 14. fxe5 Nxe4 15. Qh5 Qg4 16.
Bh6+ Kg8 17. Qxg4+ Bxg4 18. Bxf8 Rxf8 19. Rf4 f5 20. exf6 Nxf6 21. Nd2 $16 {
0-1 Kimpinsky,F (2310)-Bulthaupt,F/Germany 1993/EXT 97-B (42)}) 13... a5 14.
Qf3 $6 $146 {It's interesting that only this move is a novelty. However, this
manoeuvre is not so sound. The best chance would have been to open the "f"
file.} (14. f4 exd4 15. cxd4 (15. e5 dxe5 16. fxe5 dxc3+ 17. Kh1 Qxd1 18. Bxf6+
Kg6 19. Rxd1 c2 $19) 15... Qe8 $1 (15... Qd7 16. f5 Qe7 17. Nc3 Rg8 18. Kh1 Kf8
19. h4 Rxg5 20. hxg5 Nxe4 21. Nxe4 Qxe4 22. Qh5 $18 {1-0 Neumann,G-Anderssen,A/
Berlin 1866/EXT 99 (22)}) 16. Bxf6+ (16. e5 Ne4) 16... Kxf6 17. Nc3 (17. e5+
Kg7 18. Ra3 Rg8 {[%cal Yg7f8]}) 17... Ke7 18. f5 Kd8 {Black will hide his king
on the queenside and his extra piece should tell. On the other hand, white
retains practical chances in this position thanks to strong pawns in the
centre.}) (14. dxe5 dxe5 15. Qf3 Qd6 16. Rd1 Qe6 {successfully parrying
white's initiiattive.}) 14... Qe7 15. Nd2 (15. Qg3 Qe6 {[%cal Ge6g4]} 16. Bxf6+
Kxf6 17. f4 Ke7 18. fxe5 dxe5 $19 {Black's king escapes safely.}) 15... Qe6 $19
{White is not able to create any serious threat.} 16. dxe5 (16. Nc4 Nh7 $1 $19)
16... Qxe5 17. Bh4 Be6 18. Qd3 Ng4 19. Nf3 Qh5 20. Bg3 {All white's active
pieces were driven away, he has no compensation at all.} Rh8 21. Qd2 f6 22. h4
c5 {Covering the d4 square against possible knight jump. Georgiev does not
mind of closing the diagonal for his dark-squared bishop.} 23. Qc2 Rhg8 24. c4
Kh8 25. Ra3 Rg7 26. Rc3 Rag8 {After all, it's black who has the decisive
attack!} 27. Ne1 Ne5 28. Bxe5 dxe5 29. f4 Qxh4 30. f5 Bf7 31. Re3 Bh5 32. b3
Bg4 33. Nf3 Qh6 34. Rd3 c6 {Georgiev is not in a hurry.} (34... Bh3 35. Ne1
Bxg2 $1 36. Nxg2 Rh7 $19) 35. Rf2 Rh7 36. Kf1 Qf4 37. Nh4 Qxe4 38. Ng6+ Rxg6 {
[%cal Gh7h1]} ({Of course not} 38... Kg7 $4 39. Rd7+ Kh6 40. Qc1+ $18) 0-1